[Event "2. BUNDESLIGA MITTE 2017/2018"]
[Site "St. Valentin, Pinggau/Villach/Taufkirchen, Fuerstenfeld, St. Veit"]
[Date "2018.04.07"]
[Round "11"]
[Board "5"]
[White "Hellmayr, Alois"]
[Black "Titz, Heimo"]
[Result "1-0"]
[WhiteElo "2256"]
[BlackElo "2137"]
[PlyCount "109"]
[EventDate "2017.10.27"]
[EventType "team"]
[EventRounds "11"]
[EventCountry "AUT"]
[WhiteTeam "SPG Sauwald"]
[BlackTeam "SC DieKlagenfurter"]

1. Nf3 Nf6 2. c4 c5 3. g3 b6 4. Bg2 Bb7 5. O-O e6 6. Nc3 Be7 7. d4 cxd4 8. Qxd4
d6 9. Rd1 a6 10. Ng5 Bxg2 11. Kxg2 Ra7 12. Nge4 Rd7 13. Be3 d5 14. cxd5 exd5
15. Nxd5 Nxd5 16. Qxg7 Nxe3+ 17. fxe3 Rf8 18. Rf1 Qc7 19. Rac1 Qb7 20. Qe5 Nc6
21. Qf5 Nd8 22. Kg1 Qd5 23. Qxh7 f5 24. Qh5+ Qf7 25. Rxf5 Qxh5 26. Rxh5 Ne6 27.
Re5 Nc5 28. Nxc5 bxc5 29. Rcxc5 Rd1+ 30. Kg2 Rd2 31. Rc7 Rxe2+ 32. Kh3 Rh8+ 33.
Kg4 Rh7 34. Ra7 Rxb2 35. Ra8+ Kd7 36. Rxa6 Rbxh2 37. Rd5+ Ke8 38. Ra8+ Kf7 39.
Rf5+ Ke6 40. e4 Bd6 41. Rg5 Bxg3 42. Kxg3 R7h3+ 43. Kf4 Rf2+ 44. Kg4 Rhh2 45.
Ra6+ Kf7 46. Rf5+ Ke7 47. Rxf2 Rxf2 48. a4 Kd7 49. a5 Kc7 50. Rh6 Kb7 51. a6+
Ka7 52. e5 Rf1 53. Rf6 Re1 54. Kf5 Re2 55. e6  1-0

[Event "2. BUNDESLIGA MITTE 2017/2018"]
[Site "St. Valentin, Pinggau/Villach/Taufkirchen, Fuerstenfeld, St. Veit"]
[Date "2018.04.07"]
[Round "11"]
[Board "6"]
[White "Jakits, Leopold"]
[Black "Hiermann, Dietmar"]
[Result "1-0"]
[WhiteElo "2128"]
[BlackElo "2257"]
[PlyCount "79"]
[EventDate "2017.10.27"]
[EventType "team"]
[EventRounds "11"]
[EventCountry "AUT"]
[WhiteTeam "SC DieKlagenfurter"]
[BlackTeam "SPG Sauwald"]

1. c4 Nf6 2. g3 e6 3. Bg2 d5 4. Nf3 Be7 5. O-O O-O 6. b3 c5 7. Bb2 Nc6 8. e3 b6
9. Nc3 Bb7 10. Qe2 Rc8 11. Rfd1 Qc7 12. cxd5 exd5 13. d4 Rfd8 14. Rac1 cxd4 15.
Nxd4 Nxd4 16. Rxd4 Qd7 17. Rcd1 Qe6 18. Qf1 Ne4 19. Bh3 f5 20. Nxe4 dxe4 21.
Qb5 Rxd4 22. Rxd4 Rf8 23. Rd7 Bc8 24. Rxa7 Bf6 25. Bf1 Kh8 26. Bc4 Qd6 27. Bxf6
Qxf6 28. Qb4 f4 29. exf4 Bh3 30. Bf1 Bxf1 31. Kxf1 Re8 32. Qd2 h6 33. Rd7 Qc6
34. Qd4 Qg6 35. Kg1 Qg4 36. h3 Qg6 37. Kg2 Kh7 38. g4 Qg5 39. f3 e3 40. Qd3+
 1-0

[Event "2. BUNDESLIGA MITTE 2017/2018"]
[Site "St. Valentin, Pinggau/Villach/Taufkirchen, Fuerstenfeld, St. Veit"]
[Date "2018.04.07"]
[Round "11"]
[Board "1"]
[White "Frosch, Ronald"]
[Black "Gonda, Laszlo"]
[Result "0-1"]
[WhiteElo "2306"]
[BlackElo "2510"]
[PlyCount "58"]
[EventDate "2017.10.27"]
[EventType "team"]
[EventRounds "11"]
[EventCountry "AUT"]
[WhiteTeam "RbEj Gleisdorf"]
[BlackTeam "ASK St. Valentin"]

1. d4 Nf6 2. Nf3 c5 3. e3 g6 4. Bd3 Bg7 5. Nbd2 d5 6. c3 Nbd7 7. O-O O-O 8. Ne5
Nxe5 9. dxe5 Ng4 10. Nf3 Nxe5 11. Nxe5 Bxe5 12. f4 Bg7 13. f5 e5 14. fxg6 hxg6
15. e4 Qb6 16. Kh1 Be6 17. Qe1 Rad8 18. Qh4 Rd7 19. Bh6 Qd8 20. Bg5 f6 21. Bh6
dxe4 22. Bxe4 f5 23. Bg5 Qb6 24. Bc2 Qxb2 25. Ba4 Bd5 26. Rg1 b5 27. Rab1 Bxg2+
28. Rxg2 Qxb1+ 29. Rg1 Qd3  0-1

[Event "2. BUNDESLIGA MITTE 2017/2018"]
[Site "St. Valentin, Pinggau/Villach/Taufkirchen, Fuerstenfeld, St. Veit"]
[Date "2018.04.07"]
[Round "11"]
[Board "2"]
[White "Flumbort, Andras"]
[Black "Frosch, Erich"]
[Result "1-0"]
[WhiteElo "2429"]
[BlackElo "2202"]
[PlyCount "51"]
[EventDate "2017.10.27"]
[EventType "team"]
[EventRounds "11"]
[EventCountry "AUT"]
[WhiteTeam "ASK St. Valentin"]
[BlackTeam "RbEj Gleisdorf"]

1. d4 Nf6 2. c4 e6 3. Nf3 b6 4. g3 Bb7 5. Bg2 Be7 6. O-O O-O 7. Re1 d5 8. cxd5
exd5 9. Nc3 Nbd7 10. Bf4 a6 11. Ne5 Bd6 12. Qb3 Bxe5 13. Bxe5 Nxe5 14. dxe5 Ne4
15. Rad1 Nc5 16. Qc2 c6 17. b4 Ne6 18. Ne4 Qe7 19. Nd6 f6 20. e4 fxe5 21. exd5
Nd4 22. Rxd4 Qxd6 23. Rh4 cxd5 24. Qxh7+ Kf7 25. Qh5+ Kf6 26. Rg4  1-0

[Event "2. BUNDESLIGA MITTE 2017/2018"]
[Site "St. Valentin, Pinggau/Villach/Taufkirchen, Fuerstenfeld, St. Veit"]
[Date "2018.04.07"]
[Round "11"]
[Board "3"]
[White "Wegerer, Fred"]
[Black "Sandhoefner, Florian"]
[Result "1/2-1/2"]
[WhiteElo "2135"]
[BlackElo "2313"]
[PlyCount "55"]
[EventDate "2017.10.27"]
[EventType "team"]
[EventRounds "11"]
[EventCountry "AUT"]
[WhiteTeam "RbEj Gleisdorf"]
[BlackTeam "ASK St. Valentin"]

1. g3 d5 2. Bg2 Nf6 3. Nf3 c6 4. d3 Bf5 5. Nbd2 e6 6. b3 h6 7. Bb2 Be7 8. a3
O-O 9. Ra2 Nfd7 10. e4 Bh7 11. O-O Bf6 12. e5 Be7 13. d4 c5 14. c4 Nb6 15. dxc5
Bxc5 16. b4 Be7 17. c5 N6d7 18. Qb3 b6 19. cxb6 Qxb6 20. Bd4 Qb7 21. Rb2 Nc6
22. Re1 Rac8 23. h4 Nxd4 24. Nxd4 Rc7 25. Bf3 Rfc8 26. Nb1 Rc1 27. Qe3 Rxe1+
28. Qxe1 {Rest unleserlich}  1/2-1/2

[Event "2. BUNDESLIGA MITTE 2017/2018"]
[Site "St. Valentin, Pinggau/Villach/Taufkirchen, Fuerstenfeld, St. Veit"]
[Date "2018.04.07"]
[Round "11"]
[Board "4"]
[White "Hajnal, Zoltan"]
[Black "Manhardt, Thomas"]
[Result "1-0"]
[WhiteElo "2390"]
[BlackElo "2220"]
[PlyCount "47"]
[EventDate "2017.10.27"]
[EventType "team"]
[EventRounds "11"]
[EventCountry "AUT"]
[WhiteTeam "ASK St. Valentin"]
[BlackTeam "RbEj Gleisdorf"]

1. e4 c5 2. Nf3 Nc6 3. d4 cxd4 4. Nxd4 e5 5. Nb5 a6 6. Nd6+ Bxd6 7. Qxd6 Qf6 8.
Qd1 Qg6 9. Nc3 d5 10. Nxd5 Qxe4+ 11. Be3 Nd4 12. Nc7+ Ke7 13. Be2 Nxc2+ 14. Kf1
Nxe3+ 15. fxe3 Rb8 16. Qb3 b5 17. Qa3+ b4 18. Qa5 Be6 19. Nxe6 Kxe6 20. Qxa6+
Ke7 21. Rd1 Qf5+ 22. Ke1 Qc8 23. Qd6+ Ke8 24. Ba6  1-0

[Event "2. BUNDESLIGA MITTE 2017/2018"]
[Site "St. Valentin, Pinggau/Villach/Taufkirchen, Fuerstenfeld, St. Veit"]
[Date "2018.04.07"]
[Round "11"]
[Board "5"]
[White "Wanderer, Thomas"]
[Black "Heimberger, Reinhard"]
[Result "0-1"]
[WhiteElo "2213"]
[BlackElo "2261"]
[PlyCount "74"]
[EventDate "2017.10.27"]
[EventType "team"]
[EventRounds "11"]
[EventCountry "AUT"]
[WhiteTeam "RbEj Gleisdorf"]
[BlackTeam "ASK St. Valentin"]

1. e4 c5 2. Nc3 d6 3. g3 Nc6 4. Bg2 g6 5. d3 Bg7 6. Be3 Nf6 7. h3 Nd4 8. Qd2
Bd7 9. Nd1 e5 10. c3 Ne6 11. Ne2 Bc6 12. c4 Nd4 13. O-O O-O 14. Ndc3 Nd7 15.
Bh6 f5 16. Bxg7 Kxg7 17. f4 Nf6 18. Nd5 Bxd5 19. cxd5 Nxe2+ 20. Qxe2 Nh5 21.
Qe3 exf4 22. gxf4 fxe4 23. dxe4 Qh4 24. f5 gxf5 25. b4 Ng3 26. Rf3 f4 27. Qc3+
Kg8 28. Re1 Rae8 29. e5 dxe5 30. Rxe5 Ne2+ 31. Rxe2 Rxe2 32. Qc4 Qe1+ 33. Rf1
Rxg2+ 34. Kxg2 Qg3+ 35. Kh1 Qxh3+ 36. Kg1 Qg3+ 37. Kh1 Rf6  0-1

[Event "2. BUNDESLIGA MITTE 2017/2018"]
[Site "St. Valentin, Pinggau/Villach/Taufkirchen, Fuerstenfeld, St. Veit"]
[Date "2018.04.07"]
[Round "11"]
[Board "6"]
[White "Dornauer, Joachim"]
[Black "Ofner, Maximilian"]
[Result "1/2-1/2"]
[WhiteElo "2161"]
[BlackElo "2186"]
[PlyCount "84"]
[EventDate "2017.10.27"]
[EventType "team"]
[EventRounds "11"]
[EventCountry "AUT"]
[WhiteTeam "ASK St. Valentin"]
[BlackTeam "RbEj Gleisdorf"]

1. d4 d5 2. c4 e6 3. Nf3 Nf6 4. Nc3 Be7 5. Bg5 h6 6. Bh4 O-O 7. e3 Ne4 8. Bxe7
Qxe7 9. Rc1 c6 10. Bd3 Nxc3 11. Rxc3 dxc4 12. Bxc4 Nd7 13. O-O b6 14. Qc2 Bb7
15. Bd3 c5 16. Bh7+ Kh8 17. Be4 Bxe4 18. Qxe4 Nf6 19. Qe5 Nd5 20. Rc4 Rac8 21.
e4 Nb4 22. dxc5 Nd3 23. Qc3 Nxc5 24. Qc2 a5 25. Rd1 Rcd8 26. Rcd4 Rxd4 27. Rxd4
Rd8 28. Qd2 Rxd4 29. Qxd4 Qf6 30. Qxf6 gxf6 31. Nd2 b5 32. Kf1 Nd3 33. b3 Kg7
34. a4 bxa4 35. bxa4 Nc5 36. f3 Nxa4 37. Nc4 Kg6 38. Nxa5 f5 39. exf5+ Kxf5 40.
Nc4 f6 41. Kf2 Nc3 42. Nd6+ Kg5  1/2-1/2

[Event "2. BUNDESLIGA MITTE 2017/2018"]
[Site "St. Valentin, Pinggau/Villach/Taufkirchen, Fuerstenfeld, St. Veit"]
[Date "2018.04.07"]
[Round "11"]
[Board "1"]
[White "Berczes, David"]
[Black "Menezes, Christoph"]
[Result "1-0"]
[WhiteElo "2499"]
[BlackElo "2404"]
[PlyCount "85"]
[EventDate "2017.10.27"]
[EventType "team"]
[EventRounds "11"]
[EventCountry "AUT"]
[WhiteTeam "Leoben"]
[BlackTeam "UNION Ansfelden"]

1. d4 Nf6 2. c4 e6 3. Nf3 d5 4. g3 Bb4+ 5. Bd2 Be7 6. Bg2 O-O 7. O-O c6 8. Qc2
Nbd7 9. a4 a5 10. Rc1 Ne4 11. Be1 f5 12. Nc3 Bd6 13. Na2 Qe7 14. b4 axb4 15.
cxd5 exd5 16. Qb3 Nb6 17. Nxb4 Nc4 18. a5 g5 19. Nd3 Be6 20. Nfe5 Ra6 21. f3
Nf6 22. Qc3 c5 23. dxc5 Bxe5 24. Nxe5 d4 25. Qxd4 Rd8 26. Qxd8+ Qxd8 27. Nxc4
Bxc4 28. Rxc4 Qe7 29. Bf2 Qxe2 30. Rb4 Qe5 31. Bd4 Qb8 32. Bf2 Qe5 33. Re1 Qc7
34. Reb1 Ra7 35. a6 Rxa6 36. Rxb7 Qe5 37. Bf1 Ra1 38. c6 Rxb1 39. Rxb1 Kf8 40.
Rb8+ Kf7 41. Rb7+ Kg6 42. c7 Qd5 43. Rb5  1-0

[Event "2. BUNDESLIGA MITTE 2017/2018"]
[Site "St. Valentin, Pinggau/Villach/Taufkirchen, Fuerstenfeld, St. Veit"]
[Date "2018.04.07"]
[Round "11"]
[Board "2"]
[White "Felsberger, Alfred"]
[Black "Baumegger, Siegfried"]
[Result "1/2-1/2"]
[WhiteElo "2336"]
[BlackElo "2443"]
[PlyCount "75"]
[EventDate "2017.10.27"]
[EventType "team"]
[EventRounds "11"]
[EventCountry "AUT"]
[WhiteTeam "UNION Ansfelden"]
[BlackTeam "Leoben"]

1. e4 e6 2. d4 d5 3. exd5 exd5 4. Nf3 Nc6 5. c3 Bd6 6. Bd3 Nge7 7. O-O Bg4 8.
Re1 Qd7 9. Bg5 f6 10. Bh4 O-O-O 11. b4 Nf5 12. Bg3 Nxg3 13. hxg3 h5 14. Nbd2
Ne7 15. Qc2 g5 16. Ne5 fxe5 17. dxe5 h4 18. exd6 Qxd6 19. Re3 hxg3 20. fxg3
Rdf8 21. Nf3 Bxf3 22. gxf3 d4 23. cxd4 Qxd4 24. Rae1 Nd5 25. Bf5+ Kb8 26. Qe4
Qxe4 27. fxe4 Nxe3 28. Rxe3 c6 29. Kg2 Kc7 30. Kf3 Rhg8 31. Kg4 Rg7 32. e5 Rd8
33. a3 Rd4+ 34. Kh5 (34. Kh3 g4+ 35. Kh2 Rg8) 34... g4 35. Kh6 Rg8 36. Kh7 Re8
37. Kg7 Rd5 38. Kf6 {Rest unleserlich}  1/2-1/2

[Event "2. BUNDESLIGA MITTE 2017/2018"]
[Site "St. Valentin, Pinggau/Villach/Taufkirchen, Fuerstenfeld, St. Veit"]
[Date "2018.04.07"]
[Round "11"]
[Board "3"]
[White "Horvath, Peter"]
[Black "Weiss, Christian"]
[Result "1-0"]
[WhiteElo "2421"]
[BlackElo "2378"]
[PlyCount "111"]
[EventDate "2017.10.27"]
[EventType "team"]
[EventRounds "11"]
[EventCountry "AUT"]
[WhiteTeam "Leoben"]
[BlackTeam "UNION Ansfelden"]

1. d4 c5 2. d5 e5 3. e4 d6 4. Be2 Be7 5. Nf3 Bg4 6. Nfd2 Bxe2 7. Qxe2 Nf6 8.
Nc3 a6 9. a4 O-O 10. a5 Ne8 11. Nc4 Nd7 12. O-O Bg5 13. Bxg5 Qxg5 14. Ra3 Qe7
15. Rb3 Rb8 16. Na4 g6 17. Nab6 Ndf6 18. f4 exf4 19. Rxf4 Rd8 20. Re3 Nh5 21.
Rf2 f6 22. g4 Nhg7 23. Ref3 Nc7 24. Qe3 Nb5 25. c3 Rde8 26. Re2 Rf7 27. Qh6
Ref8 28. Rh3 Ne8 29. Qf4 Ng7 30. Qh6 Ne8 31. Rhe3 Ng7 32. Qf4 Rd8 33. Qg3 Rdf8
34. h3 Rd8 35. Re1 Rdf8 36. Rf1 Rd8 37. Kh2 Rdf8 38. Rf2 Rd8 39. h4 Kh8 40. Qf4
Rdf8 41. Ref3 Kg8 42. Re3 Kh8 43. Rg2 Rg8 44. Qg3 Qd8 45. Rf2 Qe7 46. Nd2 Rgf8
47. Nbc4 Ne8 48. Ref3 Kg8 49. h5 Rg7 50. Qf4 gxh5 51. gxh5 Rg5 52. Rh3 Qg7 53.
Ne3 h6 54. Nf5 Qh7 55. Nf3 Kh8 56. Nxh6  1-0

[Event "2. BUNDESLIGA MITTE 2017/2018"]
[Site "St. Valentin, Pinggau/Villach/Taufkirchen, Fuerstenfeld, St. Veit"]
[Date "2018.04.07"]
[Round "11"]
[Board "4"]
[White "Moser, Guenter"]
[Black "Dietmayer-Kraeutler, Marco"]
[Result "0-1"]
[WhiteElo "2301"]
[BlackElo "2317"]
[PlyCount "82"]
[EventDate "2017.10.27"]
[EventType "team"]
[EventRounds "11"]
[EventCountry "AUT"]
[WhiteTeam "UNION Ansfelden"]
[BlackTeam "Leoben"]

1. c4 e5 2. g3 f5 3. Bg2 Nf6 4. Nc3 g6 5. e3 Bg7 6. Nge2 Nc6 7. d3 O-O 8. O-O
d6 9. Rb1 g5 10. f4 h6 11. b4 a6 12. Nd5 Ne7 13. Nxf6+ Bxf6 14. Qc2 c6 15. Kh1
Be6 16. e4 fxe4 17. dxe4 b5 18. c5 dxc5 19. Rd1 Qc7 20. fxe5 Bxe5 21. bxc5 Bc4
22. Be3 Qa5 23. Nc1 Rad8 24. Nb3 Qa3 25. Kg1 a5 26. Rxd8 Rxd8 27. Bc1 Qb4 28.
Bf1 Bxf1 29. Kxf1 a4 30. Nd2 Qc3 31. Qxc3 Bxc3 32. Ke2 Rd4 33. Ke3 Ng6 34. Bb2
Rxd2 35. Bxc3 Rxa2 36. Rf1 Ra3 37. Kd2 Ra2+ 38. Kd3 Rxh2 39. e5 Rh3 40. Ke4
Rxg3 41. Rf6 Ne7  0-1

[Event "2. BUNDESLIGA MITTE 2017/2018"]
[Site "St. Valentin, Pinggau/Villach/Taufkirchen, Fuerstenfeld, St. Veit"]
[Date "2018.04.07"]
[Round "11"]
[Board "5"]
[White "Sandner, Wolfgang"]
[Black "Knoll, Hermann"]
[Result "0-1"]
[WhiteElo "2259"]
[BlackElo "2333"]
[PlyCount "82"]
[EventDate "2017.10.27"]
[EventType "team"]
[EventRounds "11"]
[EventCountry "AUT"]
[WhiteTeam "Leoben"]
[BlackTeam "UNION Ansfelden"]

1. Nf3 e6 2. b3 b6 3. Bb2 Bb7 4. g3 c5 5. Bg2 Nf6 6. c4 Be7 7. O-O O-O 8. d3 d6
9. Qc2 Nbd7 10. Nbd2 a6 11. a3 b5 12. Rfb1 Rc8 13. h3 Rc7 14. Bc3 Qa8 15. cxb5
axb5 16. a4 b4 17. Bb2 d5 18. Rc1 Rfc8 19. e3 c4 20. dxc4 dxc4 21. bxc4 Nc5 22.
Ne1 Bxg2 23. Nxg2 Nfe4 24. Nxe4 Nxe4 25. Qe2 Nc3 26. Bxc3 bxc3 27. Ne1 Qa5 28.
Ra2 Rxc4 29. Rca1 Rb4 30. Nd3 Rb7 31. Qc2 Rcb8 32. Rc1 Bf6 33. Rca1 g6 34. Rc1
Qf5 35. e4 Qxh3 36. e5 Bg5 37. Rca1 h5 38. Qxc3 h4 39. Rb2 Rxb2 40. Nxb2 hxg3
41. Nd1 Qh2+  0-1

[Event "2. BUNDESLIGA MITTE 2017/2018"]
[Site "St. Valentin, Pinggau/Villach/Taufkirchen, Fuerstenfeld, St. Veit"]
[Date "2018.04.07"]
[Round "11"]
[Board "6"]
[White "Mostbauer, Florian"]
[Black "Koelber, Daniel"]
[Result "1/2-1/2"]
[WhiteElo "2307"]
[BlackElo "2049"]
[PlyCount "65"]
[EventDate "2017.10.27"]
[EventType "team"]
[EventRounds "11"]
[EventCountry "AUT"]
[WhiteTeam "UNION Ansfelden"]
[BlackTeam "Leoben"]

1. d4 Nf6 2. Nf3 e6 3. Bf4 d5 4. e3 c5 5. c3 Nc6 6. Nbd2 Bd6 7. Bg3 O-O 8. Bd3
b6 9. e4 Be7 10. e5 Nh5 11. Ng5 Bxg5 12. Qxh5 g6 13. Qe2 cxd4 14. h4 Be7 15. h5
g5 16. f4 dxc3 17. bxc3 f5 18. exf6 Bxf6 19. O-O Bd7 20. Rac1 Qe7 21. Rc2 Kh8
22. fxg5 Bxg5 23. Nf3 Bf6 24. Bb5 Rac8 25. Bxc6 Rxc6 26. Nd4 Rxc3 27. Rxf6 Rxg3
28. Rxf8+ Qxf8 29. Qe5+ Qg7 30. Qb8+ Qg8 31. Qe5+ Qg7 32. Qb8+ Qg8 33. Qe5+
 1/2-1/2

[Event "2. BUNDESLIGA MITTE 2017/2018"]
[Site "St. Valentin, Pinggau/Villach/Taufkirchen, Fuerstenfeld, St. Veit"]
[Date "2018.04.07"]
[Round "11"]
[Board "1"]
[White "Milanovic, Danilo"]
[Black "Tratar, Marko"]
[Result "1/2-1/2"]
[WhiteElo "2488"]
[BlackElo "2456"]
[PlyCount "82"]
[EventDate "2017.10.27"]
[EventType "team"]
[EventRounds "11"]
[EventCountry "AUT"]
[WhiteTeam "SPG Sparkasse Pinggau-Friedberg"]
[BlackTeam "SC MPOE Maria Saal 2"]

1. d4 e6 2. Nf3 Nf6 3. Bf4 Be7 4. h3 d5 5. e3 Bd6 6. Ne5 O-O 7. Nd2 c5 8. c3 b6
9. Bg5 h6 10. Bh4 Be7 11. Bg3 Nfd7 12. Ndf3 Bb7 13. Bd3 Nxe5 14. Nxe5 Nd7 15.
O-O Nxe5 16. Bxe5 Bd6 17. f4 Bxe5 18. fxe5 Qg5 19. Qe2 f5 20. exf6 Rxf6 21.
Rxf6 gxf6 22. e4 cxd4 23. cxd4 Rc8 24. Rf1 Rc1 25. exd5 Rxf1+ 26. Qxf1 Qe3+ 27.
Kh2 Bxd5 28. Bc4 Qxd4 29. Bxd5 exd5 30. Qa6 Qe4 31. Kh1 Qe1+ 32. Kh2 Qe5+ 33.
Kh1 Qc7 34. Qf1 Kg7 35. Qf5 Qc1+ 36. Kh2 Qc7+ 37. Kh1 Qc6 38. Qg4+ Kf8 39. Qf4
Kg7 40. Qg4+ Kf8 41. Qf4 Kg7  1/2-1/2

[Event "2. BUNDESLIGA MITTE 2017/2018"]
[Site "St. Valentin, Pinggau/Villach/Taufkirchen, Fuerstenfeld, St. Veit"]
[Date "2018.04.07"]
[Round "11"]
[Board "2"]
[White "Schachinger, Mario"]
[Black "Kostic, Vladimir"]
[Result "1-0"]
[WhiteElo "2394"]
[BlackElo "2323"]
[PlyCount "95"]
[EventDate "2017.10.27"]
[EventType "team"]
[EventRounds "11"]
[EventCountry "AUT"]
[WhiteTeam "SC MPOE Maria Saal 2"]
[BlackTeam "SPG Sparkasse Pinggau-Friedberg"]

1. d4 d6 2. e4 Nf6 3. Nc3 e5 4. Nf3 exd4 5. Nxd4 Be7 6. g3 c5 7. Nde2 O-O 8.
Bg2 Nc6 9. h3 Rb8 10. a4 a6 11. O-O Nb4 12. g4 b6 13. Bf4 Ne8 14. Qd2 Be6 15.
Rfe1 h6 16. Be3 Nc7 17. Nf4 Bg5 18. Rad1 Re8 19. Qc1 Nc6 20. Nce2 Qe7 21. Ng3
g6 22. Nd5 Bxd5 23. exd5 Nd4 24. Bxg5 Qxg5 25. Qxg5 hxg5 26. c3 Nb3 27. Ne4
Red8 28. Nxg5 Kf8 29. h4 Re8 30. Ne4 Rbd8 31. Nf6 Rxe1+ 32. Rxe1 c4 33. Nh7+
Kg8 34. Re7 Ne8 35. Ng5 Nc5 36. Rxf7 Rd7 37. Rf4 b5 38. axb5 axb5 39. Be4 Nxe4
40. Nxe4 Kg7 41. Ng5 Nc7 42. Ne6+ Nxe6 43. dxe6 Re7 44. Rf7+ Rxf7 45. exf7 d5
46. Kf1 d4 47. cxd4 b4 48. Ke2  1-0

[Event "2. BUNDESLIGA MITTE 2017/2018"]
[Site "St. Valentin, Pinggau/Villach/Taufkirchen, Fuerstenfeld, St. Veit"]
[Date "2018.04.07"]
[Round "11"]
[Board "3"]
[White "Danner, Georg"]
[Black "Handler, Lukas"]
[Result "1-0"]
[WhiteElo "2316"]
[BlackElo "2392"]
[PlyCount "71"]
[EventDate "2017.10.27"]
[EventType "team"]
[EventRounds "11"]
[EventCountry "AUT"]
[WhiteTeam "SPG Sparkasse Pinggau-Friedberg"]
[BlackTeam "SC MPOE Maria Saal 2"]

1. d4 d5 2. Nf3 c6 3. e3 f5 4. c4 e6 5. b3 Nf6 6. Bd3 Bd6 7. O-O Qe7 8. Ne5 O-O
9. Nd2 Bd7 10. f4 Be8 11. Be2 h6 12. Bb2 g5 13. Qc2 Nbd7 14. c5 Bc7 15. b4 Ne4
16. Nxe4 fxe4 17. g3 Nf6 18. Qd1 Kh7 19. a4 Bg6 20. Nxg6 Kxg6 21. b5 h5 22. Bc3
g4 23. Rb1 Rab8 24. Rf2 Rh8 25. Be1 Kf5 26. Bf1 cxb5 27. axb5 Rbg8 28. Ra2 Bb8
29. b6 a6 30. Qa4 Rc8 31. Rc2 Qe8 32. c6 Rxc6 33. Rxc6 bxc6 34. Rc1 Qd7 35.
Qxc6 Qe7 36. Qa4  1-0

[Event "2. BUNDESLIGA MITTE 2017/2018"]
[Site "St. Valentin, Pinggau/Villach/Taufkirchen, Fuerstenfeld, St. Veit"]
[Date "2018.04.07"]
[Round "11"]
[Board "4"]
[White "Tomazini, Zan"]
[Black "Schieder, Andreas"]
[Result "1-0"]
[WhiteElo "2424"]
[BlackElo "2237"]
[PlyCount "45"]
[EventDate "2017.10.27"]
[EventType "team"]
[EventRounds "11"]
[EventCountry "AUT"]
[WhiteTeam "SC MPOE Maria Saal 2"]
[BlackTeam "SPG Sparkasse Pinggau-Friedberg"]

1. e4 c5 2. c3 Nf6 3. e5 Nd5 4. d4 cxd4 5. Nf3 d6 6. Bc4 e6 7. cxd4 Be7 8. O-O
dxe5 9. dxe5 O-O 10. Qe2 b6 11. Rd1 Nd7 12. Bxd5 exd5 13. Nc3 f6 14. e6 Nc5 15.
Nxd5 Ba6 16. Qe3 Qe8 17. b4 Nb7 18. a4 Bc4 19. Nxe7+ Qxe7 20. Rd7 Qxb4 21. Ba3
Qxa4 22. Rxb7 Kh8 23. Qe4  1-0

[Event "2. BUNDESLIGA MITTE 2017/2018"]
[Site "St. Valentin, Pinggau/Villach/Taufkirchen, Fuerstenfeld, St. Veit"]
[Date "2018.04.07"]
[Round "11"]
[Board "5"]
[White "Reinwald, Patrick"]
[Black "Hartl, Daniel"]
[Result "0-1"]
[WhiteElo "2169"]
[BlackElo "2270"]
[PlyCount "90"]
[EventDate "2017.10.27"]
[EventType "team"]
[EventRounds "11"]
[EventCountry "AUT"]
[WhiteTeam "SPG Sparkasse Pinggau-Friedberg"]
[BlackTeam "SC MPOE Maria Saal 2"]

1. e4 d5 2. exd5 Nf6 3. d4 Bg4 4. Bb5+ Nbd7 5. f3 Bf5 6. c4 e6 7. dxe6 Bxe6 8.
d5 Bf5 9. Nc3 Qe7+ 10. Qe2 O-O-O 11. Qxe7 Bxe7 12. Nge2 Ne5 13. Ng3 Bd3 14. Bf4
Ng6 15. Be3 a6 16. O-O-O axb5 17. Rxd3 bxc4 18. Rd2 Rd7 19. Nf5 Rhd8 20. Nxe7+
Nxe7 21. Bd4 Nexd5 22. Nxd5 Rxd5 23. Bxf6 Rxd2 24. Bxd8 Rxd8 25. Re1 b5 26. Re5
c6 27. a4 Rd5 28. Re8+ Kd7 29. Rg8 Rg5 30. g4 bxa4 31. h4 Rg6 32. h5 Rg5 33.
Ra8 f5 34. h6 gxh6 35. Ra7+ Kd6 36. Rxh7 fxg4 37. Rxh6+ Kc5 38. fxg4 Rxg4 39.
Rh8 Rg1+ 40. Kc2 Rg2+ 41. Kb1 c3 42. bxc3 Kc4 43. Rh4+ Kb3 44. Rb4+ Kxc3 45.
Rxa4 Kb3  0-1

[Event "2. BUNDESLIGA MITTE 2017/2018"]
[Site "St. Valentin, Pinggau/Villach/Taufkirchen, Fuerstenfeld, St. Veit"]
[Date "2018.04.07"]
[Round "11"]
[Board "6"]
[White "Tomazini, Aljosa"]
[Black "Steiner, Peter"]
[Result "1-0"]
[WhiteElo "2350"]
[BlackElo "1990"]
[PlyCount "51"]
[EventDate "2017.10.27"]
[EventType "team"]
[EventRounds "11"]
[EventCountry "AUT"]
[WhiteTeam "SC MPOE Maria Saal 2"]
[BlackTeam "SPG Sparkasse Pinggau-Friedberg"]

1. d4 Nf6 2. c4 g6 3. Nc3 Bg7 4. e4 d6 5. h3 O-O 6. Be3 e5 7. d5 Na6 8. g4 Nc5
9. Qc2 a5 10. Nge2 Nfd7 11. Ng3 Nb6 12. Be2 c6 13. h4 cxd5 14. cxd5 Bd7 15. Nb5
Bxb5 16. Bxb5 Rc8 17. Qd2 Nbd7 18. Kf1 Nf6 19. f3 Kh8 20. h5 Ng8 21. Kg2 Qc7
22. Rh2 Nd7 23. hxg6 fxg6 24. Rah1 Ndf6 25. g5 Qc2 26. gxf6  1-0